[Event "FIDE Chesscom Online Nations Cup"]
[Site "Online"]
[Date "2020.05.09"]
[Round "10"]
[White "Duda, Jan-Krzysztof"]
[Black "Amin, Bassem"]
[Result "1-0"]
[WhiteElo "2774"]
[BlackElo "2608"]
[Annotator "TA"]
[PlyCount "105"]
[EventDate "2020.05.05"]
[EventType "team-tourn"]
[SourceTitle "playchess.com"]
[Source "ChessBase"]
[SourceQuality "1"]
[WhiteTeam "Europe"]
[BlackTeam "World"]
[WhiteTeamCountry "POL"]
[BlackTeamCountry "EGY"]

{[%evp 12,105,36,0,20,11,22,0,0,10,13,0,0,-25,-6,-20,0,0,0,-12,15,12,15,16,32,0,44,25,21,29,45,43,42,0,51,47,50,59,60,39,43,36,47,49,68,66,66,66,52,62,66,71,64,50,48,10,39,32,94,94,100,97,291,289,290,277,279,279,290,304,295,275,321,321,520,525,522,518,500,481,560,498,453,425,11365,11444,8419,1764,11365,487,12395,11365,1533,1533,1533,1327]} 1. e4 e5 2. Nf3 Nc6 3. Bb5 a6 4. Ba4 Nf6 5. O-O Be7 6. d3 d6 7. c4 O-O {C84: Closed Ruy Lopez: Unusual White 6th moves.} 8. h3 Nd7 {8...Nd4 gains popularity.} 9. Be3 Bf6 {The position is equal.} 10. Nc3 Nd4 11. Nd5 Nc5 {[#]} 12. Bxd4 $146 ({Predecessor:} 12. Bc2 c6 13. Nxf6+ Qxf6 14. Nxd4 exd4 15. Bd2 Qg6 16. Kh2 f5 17. b4 Nd7 18. f4 {1-0 (54) Stevic,H (2618)-Kuljasevic,D (2557) Plitvicka Jezera 2013}) 12... exd4 13. b4 Nxa4 14. Qxa4 c6 15. Nf4 Bd7 16. Qb3 g6 17. Ne2 Qb6 18. Rfc1 Be6 19. Nf4 Bd7 20. Rab1 Bg7 21. Ne2 Be6 22. Qb2 Qa7 ({Black should try} 22... f5 $11) 23. c5 $14 ({Worse is} 23. Nfxd4 c5 $17) 23... Rad8 24. a4 Rfe8 25. Qa3 Bc8 26. cxd6 Qb8 27. b5 axb5 28. axb5 Qxd6 29. Qxd6 Rxd6 30. bxc6 bxc6 31. Rb6 Bd7 32. Nd2 f5 33. Rb7 {[#] And now Nc4 would win.} Bc8 34. Ra7 Bh6 (34... Rd7 $14 35. Ra8 Rc7) 35. f4 $16 fxe4 36. Nxe4 Rxe4 $2 {A mistake that costs the game.} (36... Rde6 $16) 37. dxe4 $18 {Hoping for Ra8.} d3 38. Ra8 dxe2 39. Rxc8+ {[%mdl 4160] Endgame Double Attack. KRR-KRB} Kg7 {( -> ...Rd1+)} 40. Re1 Bxf4 {[#] White must now prevent ...Bg3.} 41. Kf2 $1 ({Weaker is} 41. Rxe2 Bg3 $11) 41... h5 42. Kxe2 ({Don't do} 42. Rxe2 Be5 $18) 42... g5 $2 (42... Re6 {was necessary.} 43. Ra1 Rxe4+ 44. Kf3 Rb4 45. Rxc6 Bb8) 43. Rd1 {White is clearly winning.} Re6 44. Rd7+ Kf6 45. Kd3 h4 46. Rf8+ Kg6 47. Rff7 c5 (47... Be5 $142 48. Rf5 Bf6) 48. Rg7+ Kf6 49. Rh7 (49. Rdf7+ $142 Ke5 50. Rf5+ Kd6 51. Ra7) 49... Kg6 50. Rdg7+ Kf6 51. Rh6+ Ke5 52. Rxe6+ Kxe6 53. Rg6+ {Accuracy: White = 90%, Black = 62%.} 1-0

[Event "FIDE Chesscom Online Nations Cup"]
[Site "Online"]
[Date "2020.05.09"]
[Round "10"]
[White "Caruana, Fabiano"]
[Black "Wang, Hao"]
[Result "1-0"]
[WhiteElo "2773"]
[BlackElo "2750"]
[Annotator "TA"]
[PlyCount "55"]
[EventDate "2020.05.05"]
[EventType "team-tourn"]
[SourceTitle "playchess.com"]
[Source "ChessBase"]
[SourceQuality "1"]
[WhiteTeam "United States"]
[BlackTeam "China"]
[WhiteTeamCountry "USA"]
[BlackTeamCountry "CHN"]

{[%evp 13,55,14,19,10,16,27,10,10,20,29,50,0,0,0,110,112,179,55,51,22,79,77,63,97,71,45,119,69,148,156,200,200,187,195,203,188,187,187,175,168,166,173,393,324]} 1. e4 e5 2. Nf3 Nf6 3. Nxe5 d6 4. Nf3 Nxe4 5. Nc3 Nxc3 6. dxc3 Be7 7. Be3 O-O 8. Qd2 {C42: Petroff Defence: 3 Nxe5 and unusual White 3rd moves.} Nd7 9. O-O-O Nf6 {is cutting edge theory.} 10. Bd3 {The position is equal.} c5 11. Rhe1 Be6 12. Bf4 $5 {[%mdl 4] A promising side line.} d5 13. Ng5 $36 {[%mdl 2048] [#] Qe2 is the strong threat. White has the initiative.} Bg4 $146 (13... c4 $11 {remains equal.} 14. Be2 (14. Rxe6 fxe6 15. Nxe6 {[%mdl 64] Double Attack} Qa5 $15) 14... Bc5) ({Predecessor:} 13... c4 14. Bf1 Bg4 15. f3 Bd7 16. Nh3 b5 17. Kb1 Bxh3 18. gxh3 a5 19. Be5 Qb6 {½-½ (33) Broadway,D (2226)-Sneddon,I (2238) ICCF email 2018}) 14. f3 $16 Bd7 {[#]} (14... Bc8 $16 {is a better defense.}) 15. c4 (15. Bxh7+ $1 $18 {[%mdl 512]} Kh8 (15... Nxh7 16. Nxh7) 16. c4) 15... d4 $1 $14 16. h4 Re8 (16... Bc6 $11) 17. g4 $16 Bc6 18. Qh2 Qa5 19. a3 Bf8 (19... b5 $14) 20. Bd2 Qb6 (20... Qd8 $14) 21. Qf4 Bd7 {[#] Strongly threatening ...Bd6.} 22. Bxh7+ $1 {[%mdl 512]} Kh8 (22... Nxh7 23. Qxf7+) 23. Bf5 Bxf5 24. Qxf5 ({Don't take} 24. gxf5 $6 Kg8 $16) 24... Kg8 25. h5 Qc6 26. Nxf7 Kxf7 27. g5 {[%mdl 64] Pin} Qd7 $2 (27... Kg8 {was worth a try.}) 28. Qg6+ {Accuracy: White = 73%, Black = 57%.} 1-0

[Event "FIDE Chesscom Online Nations Cup"]
[Site "Online"]
[Date "2020.05.09"]
[Round "10"]
[White "Artemiev, Vladislav"]
[Black "Vidit, Santosh Gujrathi"]
[Result "1-0"]
[WhiteElo "2769"]
[BlackElo "2636"]
[Annotator "TA"]
[PlyCount "51"]
[EventDate "2020.05.05"]
[EventType "team-tourn"]
[SourceTitle "playchess.com"]
[Source "ChessBase"]
[SourceQuality "1"]
[WhiteTeam "Russia"]
[BlackTeam "India"]
[WhiteTeamCountry "RUS"]
[BlackTeamCountry "IND"]

{[%evp 9,50,7,7,0,38,50,37,33,88,88,91,78,102,77,112,106,141,138,169,179,120,129,173,149,130,136,134,125,129,143,348,327,308,303,29994,29995,29995,29996,29997,29998,29998,29999,29999]} 1. d4 Nf6 2. Nf3 d5 3. Bg5 Ne4 4. Bh4 Qd6 5. Nbd2 Qh6 6. Qc1 {D03: 1 d4 d5 2 Nf3 Nf6 3 Bg5, including Torre Attack with early ...d5.} g5 7. Nxe4 dxe4 8. Bxg5 {White is slightly better.} Qh5 {[#]} (8... Qb6 $14) 9. Ng1 $1 $16 Bg7 10. c3 {[#]} c5 $146 ({Predecessor:} 10... e5 11. dxe5 Bxe5 12. Bf4 Nc6 13. e3 Bxf4 14. exf4 Be6 15. Qe3 O-O-O 16. g3 Rhe8 {½-½ (28) Vlasov,S-Bejnerovich,A St Petersburg 1998}) 11. Bd2 Nc6 12. e3 Bg4 13. Ne2 O-O-O {[#]} 14. b4 $1 cxb4 ({Better is} 14... cxd4 $18 15. cxd4 Kb8) 15. cxb4 {And now Ng3 would win.} Kb8 {[#]} 16. b5 $1 {[%mdl 512]} Qxb5 17. Rb1 Qd5 ({Avoid the trap} 17... Qa6 $2 18. Nf4 $18) 18. Nc3 $36 {[%mdl 2048] Keeping Black busy.} Qe6 19. Na4 {Strongly threatening Nc5.} Ka8 $2 {[#] Loses the game.} (19... Qd6 $16) 20. Rxb7 $1 {[%mdl 512]} Qd6 (20... Kxb7 21. Nc5+) 21. Nc5 Nxd4 $2 {[#]} (21... Rb8 $18) 22. Rxa7+ $1 {[%mdl 512] White mates.} Kxa7 23. Qa3+ Kb6 24. Qb4+ {[%mdl 64] Double Attack} Kc6 25. Qb7+ Kxc5 26. Bb4# {[%mdl 64] Skewer. Accuracy: White = 95%, Black = 43%.} 1-0

[Event "FIDE Chesscom Online Nations Cup"]
[Site "Online"]
[Date "2020.05.09"]
[Round "10"]
[White "Andreikin, Dmitry"]
[Black "Adhiban, B.."]
[Result "1-0"]
[WhiteElo "2740"]
[BlackElo "2624"]
[Annotator "TA"]
[PlyCount "105"]
[EventDate "2020.05.05"]
[EventType "team-tourn"]
[SourceTitle "playchess.com"]
[Source "ChessBase"]
[SourceQuality "1"]
[WhiteTeam "Russia"]
[BlackTeam "India"]
[WhiteTeamCountry "RUS"]
[BlackTeamCountry "IND"]

{[%evp 10,105,11,0,14,-13,17,20,16,6,16,8,18,19,10,22,10,15,14,0,0,-17,-18,-23,-25,-16,-31,-19,-23,-24,-14,-17,-12,-20,-18,-14,-19,-58,-59,-84,-66,-161,-160,-186,-191,-216,-181,-169,-179,-240,-251,-251,-247,-253,-254,-240,-255,-244,0,-200,-210,-263,-178,-194,-149,-205,0,0,0,0,17,25,42,42,42,42,47,44,44,49,53,28,66,68,126,134,344,327,460,415,888,791,1243,1181,29989,29990,29990,29991]} 1. Nf3 d5 2. g3 g6 3. Bg2 Bg7 4. d4 Nf6 5. O-O O-O 6. c3 a5 {D02: 1 d4 d5 2 Nf3 sidelines, including 2...Nf6 3 g3 and 2...Nf6 3 Bf4.} 7. a4 c5 8. Na3 {[#]} b6 $146 {The position is equal.} ({Predecessor:} 8... Nc6 9. Bf4 Ne4 10. Nb5 Bf5 11. Nh4 cxd4 12. Nxf5 gxf5 13. cxd4 Rc8 14. f3 Nf6 {½-½ (14) Slipak,S (2444)-Krysa,L (2422) Resistance/Saenz Pena 2013}) 9. Nb5 Na6 10. Bf4 Bb7 11. Qb3 Nh5 12. Be3 Qd7 13. Rfd1 Rfc8 14. Ne1 e6 15. Nc2 c4 16. Qa2 Bc6 17. Nca3 Nc7 18. Nxc7 Rxc7 19. Nb1 b5 20. axb5 Bxb5 21. Nd2 a4 22. Bf3 Rb7 23. Bxh5 gxh5 24. Bf4 Bc6 25. Nb1 ({White should play} 25. Qb1 $15) 25... f6 $19 26. Na3 e5 27. Bc1 Qe6 28. Nc2 Bf8 29. Nb4 (29. e4 $142) 29... Bxb4 30. cxb4 Rxb4 31. Qa3 Rb3 32. Qc5 Rb5 33. Qa3 Rb3 34. Qc5 Rc8 35. Qa7 Rb7 36. Qa6 Kf7 37. Rxa4 (37. Ra3 $17) 37... Bxa4 $2 {[#]} (37... exd4 $19 38. Re1 d3) 38. Qxb7+ $11 Kg6 39. Re1 exd4 40. Qa7 Bc6 41. Qxd4 Qe5 42. Be3 Rb8 43. Qc5 Qe6 44. Bd4 h4 45. f3 h3 46. Kf2 Rb5 (46... h5 $14) 47. Qf8 $16 {Black must now prevent g4.} Qf7 $2 {[#]} (47... Rb7 $16) 48. Qd6 $18 Bb7 (48... Bd7 $142 49. Ra1 Qe6) 49. Ra1 Rb3 (49... h6 $142 50. g4 Kh7) 50. g4 h6 51. Ra5 Kg7 52. Rc5 Kg6 53. Rc7 {Quite a comeback for White. Accuracy: White = 74%, Black = 61%.} 1-0

[Event "FIDE Chesscom Online Nations Cup"]
[Site "Online"]
[Date "2020.05.09"]
[Round "10"]
[White "Yu, Yangyi"]
[Black "So, Wesley"]
[Result "0-1"]
[WhiteElo "2738"]
[BlackElo "2741"]
[Annotator "TA"]
[PlyCount "92"]
[EventDate "2020.05.05"]
[EventType "team-tourn"]
[SourceTitle "playchess.com"]
[Source "ChessBase"]
[SourceQuality "1"]
[WhiteTeam "China"]
[BlackTeam "United States"]
[WhiteTeamCountry "CHN"]
[BlackTeamCountry "USA"]

{[%evp 18,92,17,17,22,14,18,15,20,4,15,6,20,0,12,11,4,0,0,0,0,0,0,0,0,-13,-5,-16,-9,-21,-16,-6,-20,-21,31,-31,10,8,72,72,59,-15,-6,-5,-7,-12,0,0,-2,-14,0,0,0,-33,0,0,0,-181,-152,-478,-477,-480,-472,-477,-459,-422,-417,-29988,-29989,-29989,-29990,-29990,-29991,-29991,-29992,-29998,-1508]} 1. e4 e5 2. Nf3 Nc6 3. Bb5 Nf6 4. O-O Nxe4 5. Re1 Nd6 6. Nxe5 Be7 7. Bf1 Nxe5 8. Rxe5 O-O 9. d4 Bf6 10. Re1 Re8 {C67: Ruy Lopez: Berlin Defence: 4 0-0 Nxe4.} 11. c3 Rxe1 12. Qxe1 Ne8 {The position is equal.} 13. a4 d5 14. a5 Nd6 15. Bf4 Bf5 16. Nd2 {[%cal Bb1d2,Bd2b3,Bb3c5][%mdl 32]} Bg5 {[#]} 17. Qe3 $146 ({Predecessor:} 17. Bxg5 Qxg5 18. Nf3 Qd8 19. Ne5 f6 20. Nd3 c6 21. Qd1 Qc7 {½-½ (21) Kovalev,V (2660)-So,W (2765) Wijk aan Zee 2020}) 17... Bxf4 18. Qxf4 Qd7 19. Nb3 Re8 20. Nc5 Qc8 21. a6 b6 22. Nb7 Ne4 23. Re1 Bd7 24. c4 Nf6 25. Rc1 $1 Bc6 {[#]} (25... dxc4 $11 26. Bxc4 Bc6) 26. c5 ({Better is} 26. Nd6 $1 $14 {[%mdl 512]} cxd6 27. cxd5) 26... Re4 27. Qg3 $1 Bxb7 {[#]} (27... Re6 $11 {remains equal.}) 28. cxb6 $1 $16 Bxa6 29. Rxc7 ({White should try} 29. bxa7 $14 Bxf1 30. Qxc7) 29... Qe8 $11 {aiming for ...Re1!} 30. Bxa6 Re1+ 31. Bf1 axb6 {Strongly threatening ...Qb5!} 32. Qd3 g6 33. f3 Qa4 34. Kf2 Rd1 35. Qc3 Kg7 36. Bd3 $1 Rh1 37. b3 $2 (37. Rb7 $11 {and White is okay.}) 37... Qa2+ $19 38. Bc2 $2 {White does not recover from this.} (38. Be2 $17) 38... Qa3 {And now ...Qc1 would win.} 39. Qe3 {[#]} Qa1 $1 {[%cal Ra1f1] White must now prevent ...Qf1+.} 40. Kg3 Re1 41. Qc3 Nh5+ 42. Kf2 (42. Kh3 $19 Qc1 43. Bxg6 Qxc3 44. Rxc3 hxg6 45. g3) 42... Rf1+ {Black mates.} 43. Ke3 Qc1+ 44. Qd2 Re1+ 45. Kd3 Nf4+ 46. Kc3 Re3+ {Accuracy: White = 71%, Black = 85%.} (46... Qa1+ $142 47. Kb4 Qa5#) 0-1

[Event "FIDE Chesscom Online Nations Cup"]
[Site "Online"]
[Date "2020.05.09"]
[Round "10"]
[White "Firouzja, Alireza"]
[Black "Aronian, Levon"]
[Result "1-0"]
[WhiteElo "2703"]
[BlackElo "2778"]
[Annotator "TA"]
[PlyCount "81"]
[EventDate "2020.05.05"]
[EventType "team-tourn"]
[SourceTitle "playchess.com"]
[Source "ChessBase"]
[SourceQuality "1"]
[WhiteTeam "World"]
[BlackTeam "Europe"]
[BlackTeamCountry "ARM"]

{[%evp 10,81,0,0,0,-18,-2,-10,-4,-28,-5,-2,2,-50,-45,-47,-53,-55,-72,-83,-94,-92,-4,-8,0,0,0,0,0,0,0,0,0,0,7,20,18,13,22,16,16,12,16,12,28,26,79,79,65,68,61,45,45,19,90,83,75,86,162,125,233,184,298,304,401,397,395,400,635,612,1281,874,1222,1198]} 1. e4 e5 2. Nc3 Nf6 3. Bc4 Nxe4 4. Qh5 Nd6 5. Bb3 Be7 6. Qxe5 O-O $1 {C27: Vienna Game: 2...Nf6 3 Bc4 Nxe4.} 7. d4 Nc6 8. Qf4 Na5 {The position is equal.} 9. Bd5 Ne8 10. Bf3 {[#]} Bb4 $146 ({Predecessor:} 10... Nc6 11. Nd5 Bd6 12. Qd2 b6 13. Ne2 Nf6 14. Ne3 Re8 15. O-O Bf8 16. c4 g6 {½-½ (43) Caruana,F (2782)-Giri,A (2734) Wijk aan Zee 2014}) 11. a3 ({White should try} 11. Nge2 $11) 11... Bxc3+ $15 12. bxc3 d5 13. Ne2 c6 14. O-O Nc4 15. Ng3 Qf6 ({Black should play} 15... Qa5 $17 16. Rb1 Qxc3) 16. Be2 Qxf4 (16... Qe6 {keeps more tension.} 17. Qh4 h6 18. Bd3 Ned6 19. f3 f6) 17. Bxf4 Ned6 18. Bd3 Bd7 19. a4 b6 20. f3 Rfe8 21. Kf2 f6 22. h4 Re6 23. Rfb1 g6 24. Ne2 Rae8 25. g4 R6e7 26. Ng3 Be6 27. Rh1 Bf7 (27... Bd7 $11) 28. g5 $16 fxg5 29. Bxg5 Rd7 30. h5 Nb2 $1 31. Be2 Be6 (31... gxh5 $11 {keeps the balance.} 32. Bf4 Ndc4) 32. hxg6 hxg6 33. a5 b5 (33... Rh7 $16) 34. Rh6 Kg7 (34... Nf7 $16 {was called for.}) 35. Rah1 $18 Bg8 (35... Rg8 {might work better.} 36. Nh5+ gxh5) 36. Bc1 Nbc4 37. Bd3 Re6 38. Rg1 Rf7 {[#]} (38... Kf8 $142 39. Ne2 Nf7 40. Rhxg6 Rxg6) 39. Bxg6 $1 {[%mdl 512] White is clearly winning.} Rc7 (39... Rxg6 40. Nh5+) 40. Nh5+ Kf8 41. Rh8 {Accuracy: White = 92%, Black = 59%.} 1-0

[Event "FIDE Chesscom Online Nations Cup"]
[Site "Online"]
[Date "2020.05.09"]
[Round "10"]
[White "Harikrishna, Pentala"]
[Black "Karjakin, Sergey"]
[Result "1/2-1/2"]
[WhiteElo "2690"]
[BlackElo "2709"]
[Annotator "TA"]
[PlyCount "71"]
[EventDate "2020.05.05"]
[EventType "team-tourn"]
[SourceTitle "playchess.com"]
[Source "ChessBase"]
[SourceQuality "1"]
[WhiteTeam "India"]
[BlackTeam "Russia"]
[WhiteTeamCountry "IND"]
[BlackTeamCountry "RUS"]

{[%evp 18,71,22,22,22,19,18,18,22,13,18,2,4,5,6,14,17,3,3,3,3,0,3,0,0,0,0,0,0,0,0,0,0,0,0,0,0,0,0,0,0,0,0,0,0,0,0,0,0,0,0,0,0,0,0,0]} 1. e4 e5 2. Nf3 Nc6 3. Bb5 Nf6 4. O-O Nxe4 5. Re1 Nd6 6. Nxe5 Be7 7. Bf1 Nxe5 8. Rxe5 O-O 9. d4 (9. Nc3 Ne8 10. Nd5 Bd6 11. Re1 c6 12. Ne3 Bc7 13. Nf5 d5 14. Ne7+ Kh8 15. Nxc8 Rxc8 16. d3 f5 17. Qf3 Nf6 18. Bf4 Bxf4 19. Qxf4 Qc7 20. Qxc7 Rxc7 21. Re5 {½-½ (21) Harikrishna,P (2724)-Karjakin,S (2754) Jerusalem 2019}) 9... Bf6 10. Re1 {The position is equal.} Re8 {C67: Ruy Lopez: Berlin Defence: 4 0-0 Nxe4.} 11. Bf4 Rxe1 12. Qxe1 Ne8 13. c3 d5 14. Bd3 g6 15. Nd2 Ng7 16. Nf3 c6 17. Qe2 (17. Bh6 {feels hotter.} Qd6 18. h3 Bd7 19. Qd2 Re8 20. Bf4) 17... Bf5 18. Bxf5 Nxf5 19. Re1 Qd7 20. h3 Ng7 21. Be5 Re8 22. Qd3 {[#]} Bxe5 $146 ({Predecessor:} 22... Bd8 23. Re2 f6 24. Bg3 Rxe2 25. Qxe2 Qe6 26. Qxe6+ {½-½ (26) Amin,B (2709)-Bacrot,E (2677) Zagreb 2018}) 23. Rxe5 f6 24. Rxe8+ Nxe8 25. Qe2 Nd6 26. Ne1 Kf7 27. Nd3 Qe7 28. Kf1 Qxe2+ 29. Kxe2 $11 {[%mdl 4096] Endgame KN-KN} h5 30. g4 hxg4 31. hxg4 g5 32. f3 Ke7 33. Kd2 Kf7 34. Ke2 Ke7 35. Kd2 Kf7 36. Ke2 {A rather calm draw. Accuracy: White = 100%, Black = 100%.} 1/2-1/2

[Event "FIDE Chesscom Online Nations Cup"]
[Site "Online"]
[Date "2020.05.09"]
[Round "10"]
[White "Koneru, Humpy"]
[Black "Girya, Olga"]
[Result "1-0"]
[WhiteElo "2483"]
[BlackElo "2471"]
[Annotator "ChessBase"]
[PlyCount "201"]
[EventDate "2020.05.05"]
[EventType "team-tourn"]
[SourceTitle "playchess.com"]
[Source "ChessBase"]
[SourceQuality "1"]
[WhiteTeam "India"]
[BlackTeam "Russia"]
[WhiteTeamCountry "IND"]
[BlackTeamCountry "RUS"]
[TimeControl "1500+10"]

1. d4 {[%emt 0:00:02]} Nf6 {[%emt 0:00:04]} 2. c4 {[%emt 0:00:04]} e6 {[%emt 0:00:02]} 3. Nf3 {[%emt 0:00:08]} d5 {[%emt 0:00:02]} 4. Nc3 {[%emt 0:00:18]} Bb4 {[%emt 0:00:02]} 5. Bg5 {[%emt 0:00:20]} h6 {[%emt 0:00:04]} 6. Bxf6 {[%emt 0:00:05]} Qxf6 {[%emt 0:00:01]} 7. Qb3 {[%emt 0:00:38]} c5 {[%emt 0:00:20]} 8. cxd5 {[%emt 0:00:16]} exd5 {[%emt 0:00:02]} 9. a3 {[%emt 0:00:52]} Bxc3+ {[%emt 0:00:20]} 10. Qxc3 {[%emt 0:00:04]} c4 {[%emt 0:02:11]} 11. b3 {[%emt 0:04:15]} Be6 {[%emt 0:00:26]} 12. bxc4 {[%emt 0:01:24]} dxc4 {[%emt 0:00:03]} 13. e3 {[%emt 0:00:45]} Nd7 {[%emt 0:04:02]} 14. Be2 {[%emt 0:02:02]} O-O {[%emt 0:00:05]} 15. Nd2 {[%emt 0:02:56]} b5 {[%emt 0:07:08]} 16. Bf3 {[%emt 0:00:54]} Rab8 {[%emt 0:00:09]} 17. O-O {[%emt 0:00:30]} Rfc8 {[%emt 0:06:24]} 18. Rfc1 {[%emt 0:01:24]} Qd8 {[%emt 0:02:16]} 19. Rab1 {[%emt 0:00:52]} a5 {[%emt 0:00:45]} 20. e4 {[%emt 0:00:35]} f6 {[%emt 0:00:08]} 21. d5 {[%emt 0:00:24]} Bf7 {[%emt 0:00:02]} 22. Bg4 {[%emt 0:00:03]} Rc5 {[%emt 0:02:15]} 23. Bxd7 {[%emt 0:02:47]} Qxd7 {[%emt 0:00:02]} 24. Qxa5 {[%emt 0:02:33]} f5 {[%emt 0:00:03]} 25. Rxc4 {[%emt 0:01:20]} Rxc4 {[%emt 0:00:37]} 26. Nxc4 {[%emt 0:00:02]} fxe4 {[%emt 0:00:14]} 27. Ne3 {[%emt 0:00:04]} Qb7 {[%emt 0:01:02]} 28. Qd2 {[%emt 0:01:00]} Ra8 {[%emt 0:00:18]} 29. Rb3 {[%emt 0:02:00]} Qd7 {[%emt 0:00:06]} 30. h3 {[%emt 0:00:22]} Rd8 {[%emt 0:00:10]} 31. Rb4 {[%emt 0:00:35]} Qa7 {[%emt 0:00:03]} 32. Qb2 {[%emt 0:00:14]} Ra8 {[%emt 0:00:19]} 33. Rxb5 {[%emt 0:00:19]} Qxa3 {[%emt 0:00:02]} 34. Qxa3 {[%emt 0:00:15]} Rxa3 {[%emt 0:00:02]} 35. Rb8+ {[%emt 0:00:06]} Kh7 {[%emt 0:00:01]} 36. Rb7 {[%emt 0:00:03]} Kg6 {[%emt 0:00:31]} 37. Rb6+ {[%emt 0:00:14]} Kh7 {[%emt 0:00:07]} 38. Kh2 {[%emt 0:00:10]} Rd3 {[%emt 0:00:06]} 39. Rd6 {[%emt 0:00:01]} Rd2 {[%emt 0:00:17]} 40. Kg3 {[%emt 0:00:04]} g6 {[%emt 0:00:24]} 41. h4 {[%emt 0:00:04]} Kg7 {[%emt 0:00:18]} 42. Rd7 {[%emt 0:00:12]} Kf8 {[%emt 0:00:07]} 43. Ng4 {[%emt 0:00:08]} Rxd5 {[%emt 0:00:08]} 44. Rxd5 {[%emt 0:00:04]} Bxd5 {[%emt 0:00:01]} 45. Nxh6 {[%emt 0:00:04]} Ke7 {[%emt 0:00:20]} 46. Ng4 {[%emt 0:00:06]} Ke6 {[%emt 0:00:08]} 47. Kf4 {[%emt 0:00:04]} Bc4 {[%emt 0:00:17]} 48. Ne3 {[%emt 0:00:18]} Bd3 {[%emt 0:00:02]} 49. Kg5 {[%emt 0:00:06]} Kf7 {[%emt 0:00:03]} 50. Ng4 {[%emt 0:00:05]} Bc2 {[%emt 0:00:16]} 51. Ne5+ {[%emt 0:00:13]} Kg7 {[%emt 0:00:05]} 52. g3 {[%emt 0:00:04]} Bb1 {[%emt 0:00:03]} 53. Nc4 {[%emt 0:00:13]} Kf7 {[%emt 0:00:10]} 54. Nd2 {[%emt 0:00:11]} e3 {[%emt 0:00:15]} 55. fxe3 {[%emt 0:00:01]} Bd3 {[%emt 0:00:02]} 56. Nf3 {[%emt 0:00:12]} Bc2 {[%emt 0:00:12]} 57. Ne5+ {[%emt 0:00:06]} Kg7 {[%emt 0:00:01]} 58. Nc6 {[%emt 0:00:08]} Bb1 {[%emt 0:00:03]} 59. Nd4 {[%emt 0:00:08]} Bd3 {[%emt 0:00:25]} 60. Kf4 {[%emt 0:00:21]} Kf6 {[%emt 0:00:03]} 61. e4 {[%emt 0:00:06]} Bb1 {[%emt 0:00:04]} 62. e5+ {[%emt 0:00:09]} Ke7 {[%emt 0:00:20]} 63. Kg5 {[%emt 0:00:09]} Bd3 {[%emt 0:00:11]} 64. Nb3 {[%emt 0:00:32]} Bb1 {[%emt 0:00:10]} 65. Nc5 {[%emt 0:00:24]} Bc2 {[%emt 0:00:05]} 66. Kf4 {[%emt 0:00:15]} Bb1 {[%emt 0:00:13]} 67. Ke3 {[%emt 0:00:10]} Bf5 {[%emt 0:00:35]} 68. Kf4 {[%emt 0:00:07]} Bb1 {[%emt 0:00:01]} 69. Nb3 {[%emt 0:00:11]} Ke6 {[%emt 0:00:09]} 70. Nd4+ {[%emt 0:00:08]} Kd5 {[%emt 0:00:13]} 71. Ne2 {[%emt 0:00:25]} Ke6 {[%emt 0:00:06]} 72. Kg5 {[%emt 0:00:08]} Kxe5 {[%emt 0:00:09]} 73. Nf4 {[%emt 0:00:01]} Bc2 {[%emt 0:00:14]} 74. g4 {[%emt 0:00:07]} Bd1 {[%emt 0:00:19]} 75. Nxg6+ {[%emt 0:00:06]} Ke6 {[%emt 0:00:01]} 76. Nf4+ {[%emt 0:00:11]} Kf7 {[%emt 0:00:03]} 77. Nd3 {[%emt 0:00:04]} Kg7 {[%emt 0:00:14]} 78. Ne5 {[%emt 0:00:06]} Ba4 {[%emt 0:00:14]} 79. h5 {[%emt 0:00:18]} Bb5 {[%emt 0:00:11]} 80. Kf5 {[%emt 0:00:11]} Be2 {[%emt 0:00:10]} 81. Kg5 {[%emt 0:00:09]} Bb5 {[%emt 0:00:01]} 82. Nf3 {[%emt 0:00:07]} Bc6 {[%emt 0:00:18]} 83. Nd4 {[%emt 0:00:01]} Ba4 {[%emt 0:00:07]} 84. Nf5+ {[%emt 0:00:09]} Kh7 {[%emt 0:00:04]} 85. Kh4 {[%emt 0:00:16]} Bc2 {[%emt 0:00:20]} 86. Ne3 {[%emt 0:00:25]} Bd3 {[%emt 0:00:07]} 87. g5 {[%emt 0:00:13]} Kg7 {[%emt 0:00:09]} 88. Nd5 {[%emt 0:00:05]} Bc4 {[%emt 0:00:17]} 89. Nf4 {[%emt 0:00:04]} Bb3 {[%emt 0:00:05]} 90. Kg4 {[%emt 0:00:16]} Bc2 {[%emt 0:00:21]} 91. Kf3 {[%emt 0:00:19]} Bd1+ {[%emt 0:00:06]} 92. Ke4 {[%emt 0:00:03]} Bg4 {[%emt 0:00:17]} 93. Ke5 {[%emt 0:00:04]} Bd1 {[%emt 0:00:04]} 94. h6+ {[%emt 0:00:16]} Kh7 {[%emt 0:00:06]} 95. Kf6 {[%emt 0:00:05]} Bc2 {[%emt 0:00:07]} 96. Ne6 {[%emt 0:00:03]} Bb1 {[%emt 0:00:09]} 97. Nf8+ {[%emt 0:00:14]} Kg8 {[%emt 0:00:09]} 98. g6 {[%emt 0:00:07]} Kh8 {[%emt 0:00:16]} 99. Kg5 {[%emt 0:00:27]} Kg8 {[%emt 0:00:15]} 100. Nd7 {[%emt 0:00:03]} Ba2 {[%emt 0:00:12]} 101. Nf6+ {[%emt 0:00:13]} 1-0